000 00396 a2200169 4500
001 71300
020 _a8516025926
040 _cAnchieta - Colégio São Paulo
100 _aBranco, Samuel Murgel
240 1 0 _aO ambiente das cavernas
_lpor
245 1 0 _aO ambiente das cavernas
300 _a48
362 0 _a2000
440 1 _aModerna
650 4 _a.Ecossistemas específicos
942 _cBK
999 _c71300
_d71300